000 00394cam a2200169ua 4500
001 16097
008 170220n2009 II |||gr||||Z||||||eng
040 _aMAIN
041 _aEnglish
082 _a641.1 SRI
100 _aSRILASHMI , B.
245 _aNUTRITION SCIENCE
260 _aNEW DELHI
_bNEW AGE INTERNATIONAL LTD.
_c2009
300 _a412:
_c23CM.
653 _aNutrition
942 _cBK
999 _c15982
_d15982